000
00261nam a2200121Ia 4500
008
190216s9999||||xx |||||||||||||| ||und||
100
_a
Skaria P P
245
0
_a
Economics
260
_b
Vrindavan Pub
_c
1981
300
_a
244p
650
_a
Economics
942
_c
BK
999
_c
9358
_d
9358